Пълна енциклопедия на риболова (Запис номер 68757)
[ съкратено ]
| 000 -Лидер | |
|---|---|
| Контролно поле с фиксирана дължина | nam a22 a 4500 |
| 003 - Код на организацията, давaща контролен номер | |
| Контролно поле | BLK |
| 005 - Дата и час на последна редакция | |
| Контролно поле | 20210205162455.0 |
| 008 - Елементи от данни с фиксирана дължина | |
| fixed length control field | 180408b bul|||||r ||||||| ||bul|| |
| 010 ## - Наследен системен номер | |
| LC control number | KNG00073086000 |
| 020 ## - Международен стандартен номер на книга ISBN | |
| Международен стандартен номер на книга ISBN | 954-91854-3-5 |
| 040 ## - Източник на каталожния запис | |
| Идентификатор на билиотеката - собственик на записа | BLK |
| 041 ## - Код за език | |
| Код за езика на текст/звукозапис или на отделно заглавие | Български |
| Код за езика КДБФ | Български |
| 080 ## - УДК | |
| Текстов определител УДК | Риболов (вкл. и лов на други морски животни) |
| УДК код - определител по УДК | 639.2 |
| УДК определител | (031) |
| УДК - код + определител | 639.2(031) |
| 080 ## - УДК | |
| Текстов определител УДК | Спортен риболов |
| УДК код - определител по УДК | 799.1 |
| УДК определител | (031) |
| УДК - код + определител | 799.1(031) |
| 100 1# - Редна дума - Автор | |
| Автор | Бейли, Джон |
| Авторска отговорност | първи автор |
| R(LIN) | 294092 |
| 139 ## - Редно поле | |
| Редна дума | Бейли, Джон |
| Авторски знак | Без - Б 32 |
| 245 10 - Сведения за заглавието | |
| Заглавие | Пълна енциклопедия на риболова |
| Подзаглавни данни | Видове риба, екипировка и техники |
| Редно поле (дума) | Джон Бейли; предг. от Крис Тарант; прев. от англ. Ана Симеонова Чакалова. |
| 257 ## - Страна на издаване | |
| Страна на създаване/издаване | Великобритания |
| 260 ## - Област на издателските данни | |
| Име на издателя, разпространителя и проч. | Ахат |
| Година на издаване | 2006 |
| Печатница | Отпеч. в Малайзия |
| Място на издаване, разпространение и проч. | София |
| 300 ## - Физическа характеристика | |
| Страници | 160 с. |
| Илюстрации и др. | с цв. ил. |
| Размери/Мащаб | 29 см |
| 380 ## - Жанр | |
| Жанр | Селско стопанство |
| 500 ## - Общи забележки | |
| Забележка | Без сведение за ориг. загл. - Азб. показалец. |
| 650 #4 - Допълнително описание по предмет – тема | |
| Основно описание – тема или топоним | Риболов, спортен - наръчници и ръководства |
| 9 (RLIN) | 252512 |
| 653 ## - Ключова дума – ненормативна | |
| Ключова дума | риболов |
| 653 ## - Ключова дума – ненормативна | |
| Ключова дума | енциклопедии |
| 653 ## - Ключова дума – ненормативна | |
| Ключова дума | наръчници |
| 700 1# - Други автори (авторска отговорност) | |
| Лично име | Тарант, Крис |
| Автороска отговорност (Описва отношението между автора и произведението) | предг. от |
| 9 (RLIN) | 127712 |
| 700 1# - Други автори (авторска отговорност) | |
| Лично име | Чакалова, Ана Симеонова |
| Автороска отговорност (Описва отношението между автора и произведението) | прев. от англ. |
| 9 (RLIN) | 370988 |
| 852 ## - Местоположение | |
| Форматна сигнатура | Цб ІІ 14436 |
| Фондова буква | Хранилище |
| 856 4# - Електронен адрес и достъп | |
| Електронен формат | pdf - файл |
| 856 4# - Електронен адрес и достъп | |
| Електронен формат | pdf - файл |
| 999 ## - СИСТЕМНИ КОНТРОЛНИ НОМЕРА | |
| Koha biblionumber | 68757 |
| Koha biblioitemnumber | 68757 |
| 942 ## - АРТИКУЛИ | |
| Вид на библиотечния материал | Книги |
| Скрит в OPAC | Не |
| Периодичен библиозапис | Да |
| 944 ## - СЪЗДАВАНЕ И РЕДАКЦИЯ на ЗАПИСА | |
| Създаване/Редакция | Създаване |
| Дата на регистрацията/редакция | 19.03.2007 |
| Служител, извършил регистрацията/редакцията | Кети_Илиева |
| 944 ## - СЪЗДАВАНЕ И РЕДАКЦИЯ на ЗАПИСА | |
| Създаване/Редакция | Редакция |
| Дата на регистрацията/редакция | 01.02.2013 |
| 999 ## - СИСТЕМНИ КОНТРОЛНИ НОМЕРА | |
| Koha biblioitemnumber | 68757 |
| Код за отписване | Код за изгубен артикул | Код за повреда | Коз за рестрикции | Код за отдаване | Артикулен № | Име на библиотеката - собственик | Име на библиотеката, в която се намира в момента | Статус (Текущо местоположение) | Дата на вписване в системата | Местоположение - отдел | Цена в лева | Инвентарен номер | Систематично азбучна сигнатура | Баркод | Номер на екземпляра | Цена в евро | Служебна бележка | Служебен тип на артикула | Източник на класификационната схема |
|---|---|---|---|---|---|---|---|---|---|---|---|---|---|---|---|---|---|---|---|
| Не е изгубен | Не е повреден | без рестрикции | ползва се в читалня | 112960 | Регионална библиотека "Любен Каравелов" Русе | Регионална библиотека "Любен Каравелов" Русе | Читалня | 2007-03-19 | Читалня | 20.00 | 120000711395 | Ч 639/Б 32 | 120000711395 | 1 | 10.23 | Дост: Pk Вид: Ф N: 2643 Дата: 06.03.2007 Дата инв: 20.03.2017 Бележки инв: Ч2017 | Книги | ||
| Не е изгубен | Не е повреден | само за читалня | ползва се в читалня | 112961 | Регионална библиотека "Любен Каравелов" Русе | Регионална библиотека "Любен Каравелов" Русе | Хранилище | 2007-11-13 | Хранилище | 20.00 | 120000719619 | Цб ІІ 14436 | 120000719619 | 2 | 10.23 | Дост: Dp Вид: Д N: 28 Дата: 20.06.2007 | Книги | Universal Decimal Classification |